000
00309nam a22001337a 4500
020
_a
978-1-4095-4399-2
082
_a
823
_b
COW/C
100
_a
COWING, SUE
245
_a
CALL ME DROG
260
_a
UNITED KINGDOM
_b
USBORNE PUBLISHING LTD
_c
2011
300
_a
317
650
_a
NOVEL
_z
UNITED KINGDOM
942
_c
BK
999
_c
2921
_d
2921